| 000 | 00000nam##2200000za#4500 |
| 001 | 9.619350 |
| 003 | CaOODSP |
| 005 | 20210615103423 |
| 007 | ta |
| 008 | 150406|2009||||xxc||||| f|0| 0 eng|d |
| 022 | |a0706-6473 |
| 040 | |aCaOODSP|beng |
| 043 | |an-cn--- |
| 086 | 1 |aFs97-4/2802E |
| 110 | 1 |aCanada. |bDepartment of Fisheries and Oceans. |
| 245 | 10|aDocumentation of North Coast (statistical areas 1 to 6) salmon escapement information / |cby B. Spilsted and B. Spencer. |
| 260 | |aPrince Rupert - British Columbia : |bFisheries and Oceans Canada |c2009. |
| 300 | |avi, 66p. : |bfigs., maps (some coloured), references, tables ; |c28 cm. |
| 490 | 1 |aCanadian manuscript report of fisheries and aquatic sciences|x0706-6473|vNo. 2802 |
| 500 | |a"Science Branch, Pacific Region, Fisheries and Oceans Canada, North Coast Stock Assessment Unit, Prince Rupert, BC V8J 1G8". |
| 546 | |a(Résumé en français.) |
| 563 | |aProcessed |
| 590 | |a09-24|b2009-06-12 |
| 690 | 07|aSalt water fish|2gcpds |
| 720 | 1 |aSpilsted, B. |
| 720 | 1 |aSpencer, B. |
| 776 | 0#|tDocumentation of North Coast (statistical areas 1 to 6) salmon escapement information / |w(CaOODSP)9.580091 |
| 830 | #0|aCanadian manuscript report of fisheries and aquatic sciences,|x0706-6473|vNo. 2802|w(CaOODSP)9.514688 |